000 00623nam a22001817a 4500
003 CEME
005 20210628202303.0
008 210210b xxu||||| |||| 00| 0 eng d
020 _a0-470-86754-X
040 _c.
082 _a005.8 KAB
100 _aKabatiansky , G ,Krouk , E ,Semenov , S
_959152
245 _aError correcting coding and security for data networks ,analysis of the super channel concept
260 _aENGLAND
_bJOHN WILEY
_c2005
300 _aIX,278P
650 _aCOMPUTER NETWORKS-SECURITY MEASURES.ERROR CORRECTING CODING. SECURITY OF DATA NETWORKS. NETWORKS SECURITY.
_959153
942 _cBK
_2ddc
999 _c569197
_d569197